000 00324nam a2200121 a 4500
005 20140414131914.0
008 100902s19uu xx 00 eng d
050 _aFIC
_bK68 1998
100 _aKline, Suzy
245 _aHorrible Harry moves up to third grade.
260 _aNew York :
_bScholastic ,
_c1998.
999 _c111383
_d111383